1598 1567 1185 1427 1886 1810 1204 1276 1270 1126 1699 1085 1381 1616 1759 1607 1894 1325 1132 1552 1057 1171 1426 1649 1590 1135 1354 1357 1312 1353 1783 1429 1133 1756 1507 1283 1668 1827 1901 1791 1249 1780 1147 1340 1110 1532 1653 1570 1716 1051 1633 1788 1789 1395 1089 1180 1113 1944 1097 1720 1976 1100 1213 1414 1996 1152 1801 1931 1554 1279 1512 1984 1420 1886 1209 1725 1858 1813 1496 2000 1693 1121 1091 1082 1377 1289 1822 1514 1199 1759 1004 1594 1309 1933 1634 1298 1084 1821 1470 BCNSPRNW ULIB Ver.6.0+V

เปลี่ยนเป็นภาษาไทย

Change to English
 แสดงรายละเอียดบรรณานุกรม
  กลับหน้าหลัก

Brief Record : Get Marc (ISO 2709) : E-mail record : QR code < ปิดหน้าต่าง
LEADER : 00000nam 2200000uu 4500
001    13399114574
003     ULIB
008    120418s2555||||th 000 0 tha d
020    ^a9749213831
050  4 ^aBQ4190^bค167ว
100 0  ^aครูไวทย์ สันตยารมณ์
245 10 ^aวรรณกรรมเพื่อพัฒนาชีวิต เล่มที่ 2 ต่อจากเรื่องเวลาที่เหลือเพื่อความดีงาม เหมือนพระจันทร์ พ้นจากเมฆ /^cครูไวทย์ สันตยารมณ์
260    ^aกรุงเทพฯ :^bบ้านครูไวทย์,^c2555
300    ^a116 หน้า ;^c21 ซม.
506    www.kru-wai.com
650  7 ^aธรรมะ
650  7 ^aนวนิยายอิงธรรม
650  7 ^aธรรม^vรวมเรื่อง
945    ^p0^l0^i031652
945    ^p0^l0^i031653
945    ^p0^l0^i031654
995    ^aเกษร
999    ^aใช้งานได้ทุกระบบ
รายการนี้ยังไม่มีแท็ก
คุณยังไม่ได้ล็อกอิน คุณสามารถมีกิจกรรมร่วมกับเว็บไซต์ได้ แต่ต้องล็อกอินก่อน ::
  ล็อกอิน

รายการสื่อสารสนเทศ

ลำดับที่ ประเภท เลขเรียก/บาร์โค้ด สถานที่ สถานะ
- ไม่พบข้อมูล -

รายการใกล้เคียง
    ผู้แต่ง [ครูไวทย์ สันตยารมณ์]

    หัวเรื่อง [ธรรมะ]
    หัวเรื่อง [นวนิยายอิงธรรม]

BibComment


ยังไม่เคยถูกคอมเมนท์

คอมเมนท์ทรัพยากรรายการนี้
  คอมเมนท์: วรรณกรรมเพื่อพัฒ..


 Copyright 2026. Bcnsprnw @Library